[Event "6 Koge Open 2025 Mester1"]
[Site "Koge"]
[Date "2025.07.17"]
[Round "6.7"]
[White "Nordenbaek, Jan"]
[Black "Blok, Michiel"]
[Result "1/2-1/2"]
[WhiteElo "2156"]
[BlackElo "2137"]
[PlyCount "61"]
[EventDate "2025.07.15"]
[EventType "tourn"]
[EventRounds "9"]
[EventCountry "DEN"]
[SourceTitle "Live v. Koge Skakklub"]

1. e4 d6 2. d4 Nf6 3. Nc3 g6 4. f4 Bg7 5. Nf3 c5 6. Bb5+ Bd7 7. Bxd7+ Nbxd7 8. e5 Ng4 9. e6 fxe6 10. Ng5 Ngf6 11. Nxe6 Qb6 12. d5 Rg8 13. O-O Nf8 14. Qe2 Nxe6 15. Qxe6 Rf8 16. Re1 Rf7 17. a4 Qd8 18. a5 Qd7 19. a6 b6 20. Bd2 Ng4 21. g3 Bxc3 22. Bxc3 Qxe6 23. Rxe6 Kd7 24. h3 Nf6 25. Bxf6 Rxf6 26. Rxf6 exf6 27. Re1 Re8 28. Rxe8 Kxe8 29. Kf2 h5 30. h4 f5 31. c4  1/2-1/2

[Event "6 Koge Open 2025 Mester1"]
[Site "Koge"]
[Date "2025.07.17"]
[Round "6.8"]
[White "Saugmann, Frederik Chabert"]
[Black "Lilja, Richard"]
[Result "1-0"]
[WhiteElo "2057"]
[BlackElo "2093"]
[PlyCount "91"]
[EventDate "2025.07.15"]
[EventType "tourn"]
[EventRounds "9"]
[EventCountry "DEN"]
[SourceTitle "Live v. Koge Skakklub"]

1. d4 Nf6 2. c4 g6 3. Nc3 Bg7 4. e4 d6 5. h3 Nbd7 6. Be3 e5 7. d5 h5 8. Bd3 Bh6 9. Bxh6 Rxh6 10. Qd2 Rh8 11. f4 exf4 12. Qxf4 Kf8 13. Nf3 Kg7 14. O-O-O Qe7 15. Rhf1 Ne5 16. Nxe5 dxe5 17. Qf2 b6 18. Bc2 Ba6 19. Bb3 Rhf8 20. Qe3 Qb4 21. d6 cxd6 22. Rxf6 Bxc4 23. Bxc4 Rac8 24. Rfxd6 Rxc4 25. Rd8 Rxd8 26. Rxd8 Rd4 27. Rd5 f6 28. Kc2 Qc4 29. g4 hxg4 30. hxg4 a6 31. g5 b5 32. gxf6+ Kf7 33. b3 Qb4 34. a3 Qxa3 35. Rxd4 exd4 36. Qxd4 b4 37. e5 g5 38. Qd7+ Kg6 39. Qg7+ Kh5 40. Na4 Qa1 41. f7 Qe1 42. f8=Q Qe4+ 43. Kb2 Qe2+ 44. Kb1 a5 45. Qh7+ Kg4 46. Qff5+ 1-0

[Event "6 Koge Open 2025 Mester1"]
[Site "Koge"]
[Date "2025.07.17"]
[Round "6.10"]
[White "Weersing, Abigail Riis"]
[Black "Patil, Aditya Kunal"]
[Result "1/2-1/2"]
[WhiteElo "2067"]
[BlackElo "2047"]
[PlyCount "104"]
[EventDate "2025.07.15"]
[EventType "tourn"]
[EventRounds "9"]
[EventCountry "DEN"]
[SourceTitle "Live v. Koge Skakklub"]

1. d4 d5 2. c4 e6 3. Nc3 h6 4. Nf3 Nf6 5. Bf4 Bd6 6. Bxd6 Qxd6 7. e3 O-O 8. Bd3 a6 9. cxd5 exd5 10. h3 Re8 11. Qc2 c5 12. dxc5 Qxc5 13. O-O Nc6 14. a3 d4 15. exd4 Nxd4 16. Nxd4 Qxd4 17. Rad1 Qf4 18. Qd2 Qh4 19. Bc2 Be6 20. Rfe1 b5 21. Re3 Qg5 22. Qd6 Rec8 23. Re5 Qh4 24. Qd3 Qc4 25. Qd2 b4 26. axb4 Qxb4 27. Re3 Qb6 28. Rd3 Qc7 29. Rd6 Ne8 30. Rd4 Nf6 31. Qd3 Bc4 32. Qf3 Be6 33. R1d2 Rd8 34. Ne4 Nxe4 35. Qxe4 g6 36. Qh4 Rxd4 37. Qxd4 Qe7 38. Qe5 Qg5 39. Qxg5 hxg5 40. Rd6 Kg7 41. Rb6 Bc4 42. b3 Be6 43. Be4 Ra7 44. Kf1 g4 45. h4 Bd7 46. Ke2 a5 47. Ke3 a4 48. bxa4 Rxa4 49. Rd6 Be6 50. g3 Rb4 51. Rd4 Rb3+ 52. Rd3 Rb4 1/2-1/2

[Event "6 Koge Open 2025 Mester1"]
[Site "Koge"]
[Date "2025.07.18"]
[Round "7.10"]
[White "Patil, Aditya Kunal"]
[Black "Saravana, Vedant Kumar"]
[Result "1/2-1/2"]
[WhiteElo "2047"]
[BlackElo "2130"]
[PlyCount "52"]
[EventDate "2025.07.15"]
[EventType "tourn"]
[EventRounds "9"]
[EventCountry "DEN"]
[SourceTitle "Live v. Koge Skakklub"]

1. e4 e5 2. Nf3 Nc6 3. Bc4 Bc5 4. c3 Nf6 5. d3 d6 6. Nbd2 a6 7. Bb3 O-O 8. h3 h6 9. Nf1 d5 10. Qe2 Be6 11. g4 Nh7 12. Rg1 dxe4 13. dxe4 Be7 14. Ne3 Bxb3 15. axb3 Ng5 16. Nxg5 Bxg5 17. Nf5 Bxc1 18. Rxc1 Ne7 19. Rd1 Qe8 20. g5 Nxf5 21. exf5 hxg5 22. f6 g6 23. h4 g4 24. Qxg4 Qc6 25. Qg5 Rad8 26. Rc1 Rd6 1/2-1/2

[Event "6 Koge Open 2025 Mester1"]
[Site "Koge"]
[Date "2025.07.18"]
[Round "7.7"]
[White "Laustsen, Lars"]
[Black "Nordenbaek, Jan"]
[Result "0-1"]
[WhiteElo "2135"]
[BlackElo "2156"]
[PlyCount "62"]
[EventDate "2025.07.15"]
[EventType "tourn"]
[EventRounds "9"]
[EventCountry "DEN"]
[SourceTitle "Live v. Koge Skakklub"]

1. d4 d5 2. c4 e6 3. Nf3 Nf6 4. g3 dxc4 5. Bg2 c5 6. O-O Nc6 7. Qa4 Bd7 8. Qxc4 b5 9. Qd3 c4 10. Qc2 Rc8 11. Nc3 Be7 12. Rd1 Nb4 13. Qb1 Nfd5 14. Ne5 O-O 15. e4 Nb6 16. Nxd7 Qxd7 17. Be3 Nd3 18. e5 b4 19. Ne4 Na4 20. Rd2 a5 21. b3 Nc3 22. Nxc3 bxc3 23. Rc2 cxb3 24. Qxb3 a4 25. Qb1 Nb4 26. Re2 c2 27. Qf1 a3 28. Be4 Rc7 29. Qc1 Qb5 30. Rd2 Qc4 31. Kg2 Rfc8 0-1

[Event "6 Koge Open 2025 Mester1"]
[Site "Koge"]
[Date "2025.07.18"]
[Round "7.9"]
[White "Lilja, Richard"]
[Black "Weersing, Abigail Riis"]
[Result "1-0"]
[WhiteElo "2093"]
[BlackElo "2067"]
[PlyCount "95"]
[EventDate "2025.07.15"]
[EventType "tourn"]
[EventRounds "9"]
[EventCountry "DEN"]
[SourceTitle "Live v. Koge Skakklub"]

1. e4 e6 2. d4 d5 3. e5 c5 4. c3 Nc6 5. Nf3 Bd7 6. Bd3 cxd4 7. O-O dxc3 8. Nxc3 Nge7 9. Bg5 Qb8 10. Rc1 Ng6 11. Re1 h6 12. Be3 Bb4 13. Bxg6 fxg6 14. h4 O-O 15. a3 Ba5 16. b4 Bc7 17. Nxd5 exd5 18. Qxd5+ Kh7 19. Qxd7 Bxe5 20. b5 Na5 21. Nxe5 Qxe5 22. Bxa7 Qf5 23. Qxf5 Rxf5 24. b6 Raf8 25. Re7 Rxf2 26. Rcc7 Rf1+ 27. Kh2 Rg8 28. Rc5 Rf5 29. Rxf5 gxf5 30. Re5 Nc6 31. Rxf5 Kg6 32. Rd5 Rc8 33. Rd7 Na5 34. Rc7 Rf8 35. h5+ Kg5 36. Rxg7+ Kf4 37. Rg6 Rh8 38. Kh3 Kf5 39. g4+ Kf4 40. Rf6+ Ke4 41. Kh4 Kd4 42. g5 hxg5+ 43. Kxg5 Nc4 44. h6 Ne5 45. Kf5 Kd5 46. a4 Nd7 47. Rf7 Kc6 48. Kg5 1-0

[Event "6 Koge Open 2025 Mester1"]
[Site "Koge"]
[Date "2025.07.18"]
[Round "7.8"]
[White "Blok, Michiel"]
[Black "Saugmann, Frederik Chabert"]
[Result "1-0"]
[WhiteElo "2137"]
[BlackElo "2057"]
[PlyCount "59"]
[EventDate "2025.07.15"]
[EventType "tourn"]
[EventRounds "9"]
[EventCountry "DEN"]
[SourceTitle "Live v. Koge Skakklub"]

1. c4 c6 2. Nf3 d5 3. e3 Nf6 4. d4 e6 5. Nc3 Nbd7 6. Bd3 dxc4 7. Bxc4 b5 8. Bb3 Bb7 9. O-O a6 10. e4 b4 11. e5 Nd5 12. Nxd5 cxd5 13. Ng5 g6 14. Qf3 Qe7 15. Ba4 Rd8 16. Bd2 h6 17. Qh3 Bg7 18. Nf3 Rc8 19. Rfc1 Rc4 20. b3 Rxc1+ 21. Rxc1 Kd8 22. Ne1 a5 23. a3 Ba6 24. axb4 axb4 25. Rc6 Nb8 26. Rd6+ Kc8 27. Bxb4 Qc7 28. Rxd5 Kb7 29. Rc5 Qd8 30. Ba5 1-0

[Event "6 Koge Open 2025 Mester1"]
[Site "Koge"]
[Date "2025.07.18"]
[Round "7.6"]
[White "Rosenlund, Thorbjorn"]
[Black "Durrfeld, Sofie Bech"]
[Result "1/2-1/2"]
[WhiteElo "2116"]
[BlackElo "2059"]
[PlyCount "59"]
[EventDate "2025.07.15"]
[EventType "tourn"]
[EventRounds "9"]
[EventCountry "DEN"]
[SourceTitle "Live v. Koge Skakklub"]

1. Nf3 Nf6 2. c4 g6 3. b3 Bg7 4. Bb2 O-O 5. g3 d6 6. d4 e5 7. dxe5 dxe5 8. Qxd8 Rxd8 9. Nxe5 Na6 10. Nc3 Nb4 11. Rc1 Bf5 12. f3 Nd7 13. Nxd7 Nxa2 14. Nxa2 Bxb2 15. Rd1 Rxd7 16. Rxd7 Bxd7 17. Kd2 Bg7 18. e4 Rd8 19. Bd3 f5 20. Kc2 fxe4 21. Bxe4 c6 22. Rd1 Kf8 23. Nb4 Ke7 24. Nd3 Bd4 25. h4 Kf6 26. g4 a5 27. g5+ Ke7 28. h5 Kf7 29. Nf4 Bf5 30. Bxf5 1/2-1/2

[Event "6 Koge Open 2025 Mester1"]
[Site "Koge"]
[Date "2025.07.18"]
[Round "8.8"]
[White "Saugmann, Frederik Chabert"]
[Black "Laustsen, Lars"]
[Result "1/2-1/2"]
[WhiteElo "2057"]
[BlackElo "2135"]
[PlyCount "65"]
[EventDate "2025.07.15"]
[EventType "tourn"]
[EventRounds "9"]
[EventCountry "DEN"]
[SourceTitle "Live v. Koge Skakklub"]

1. d4 d5 2. Nf3 Nf6 3. g3 Bf5 4. Bg2 e6 5. O-O Nbd7 6. Nbd2 Be7 7. c4 c6 8. b3 h6 9. Bb2 O-O 10. Ne5 a5 11. Re1 Nxe5 12. dxe5 Nd7 13. e4 dxe4 14. Nxe4 Qc7 15. Nd6 Bg6 16. Rc1 Nc5 17. Re3 Na6 18. c5 Nb4 19. a3 Nd5 20. Bxd5 cxd5 21. Qd4 Bg5 22. f4 Be7 23. Rf3 Bh5 24. Rf2 f5 25. h3 Be8 26. g4 g6 27. gxf5 gxf5 28. Kh2 Kh7 29. Rg2 Bg6 30. Rcg1 Rg8 31. Qf2 Bh5 32. Qd4 Bh4 33. Rxg8 1/2-1/2

[Event "6 Koge Open 2025 Mester1"]
[Site "Koge"]
[Date "2025.07.18"]
[Round "8.10"]
[White "Durrfeld, Sofie Bech"]
[Black "Patil, Aditya Kunal"]
[Result "0-1"]
[WhiteElo "2059"]
[BlackElo "2047"]
[PlyCount "80"]
[EventDate "2025.07.15"]
[EventType "tourn"]
[EventRounds "9"]
[EventCountry "DEN"]
[SourceTitle "Live v. Koge Skakklub"]

1. e4 c5 2. Nc3 e6 3. Nge2 Nc6 4. g3 Nf6 5. Bg2 d5 6. exd5 exd5 7. d4 cxd4 8. Nxd4 Bg4 9. Qd3 Bc5 10. Be3 Nxd4 11. Bxd4 Qe7+ 12. Kd2 Bxd4 13. Qxd4 O-O 14. Rae1 Be6 15. Kc1 Rfc8 16. Re5 Rc4 17. Nxd5 Bxd5 18. Qe3 Ng4 19. Bxd5 Qxe5 20. Qxe5 Nxe5 21. Bxc4 Nxc4 22. Rd1 Nb6 23. b3 Kf8 24. c4 Ke7 25. Kb2 Re8 26. Kc3 Nd7 27. b4 Nf6 28. f3 Kf8 29. a4 Re3+ 30. Kd4 Rxf3 31. Kc5 Ke7 32. b5 Rf5+ 33. Kb4 Nd7 34. a5 b6 35. a6 Rc5 36. Re1+ Ne5 37. Re4 Ke6 38. Rd4 Rxc4+ 39. Rxc4 Nxc4 40. Kxc4 Ke5 0-1

[Event "6 Koge Open 2025 Mester1"]
[Site "Koge"]
[Date "2025.07.18"]
[Round "8.9"]
[White "Lilja, Richard"]
[Black "Blok, Michiel"]
[Result "0-1"]
[WhiteElo "2093"]
[BlackElo "2137"]
[PlyCount "104"]
[EventDate "2025.07.15"]
[EventType "tourn"]
[EventRounds "9"]
[EventCountry "DEN"]
[SourceTitle "Live v. Koge Skakklub"]

1. e4 d6 2. d4 Nf6 3. Nc3 g6 4. Bc4 Bg7 5. Qe2 Nc6 6. Nf3 Bg4 7. Be3 O-O 8. Rd1 e5 9. d5 Nd4 10. Bxd4 exd4 11. Rxd4 Nh5 12. e5 Bxf3 13. Qxf3 Bxe5 14. Re4 f5 15. Re3 Qf6 16. O-O Qh4 17. Rxe5 dxe5 18. Qe2 Rfe8 19. d6+ Kg7 20. dxc7 Rac8 21. g3 Qg4 22. Qxg4 fxg4 23. Bb5 Rf8 24. Re1 Rxc7 25. Rxe5 Rf5 26. Rxf5 gxf5 27. Bd3 f4 28. Nb5 Re7 29. Kf1 a6 30. Nd6 Kf6 31. Ne4+ Ke5 32. Nc3 f3 33. Nd1 Nf6 34. Ne3 h5 35. Ke1 b5 36. Kd2 Rc7 37. a4 Ne4+ 38. Ke1 Ra7 39. axb5 axb5 40. Bxe4 Kxe4 41. Kd2 Ra1 42. Nd1 b4 43. c3 b3 44. Ne3 Rh1 45. Nc4 Rxh2 46. Ke1 Rh1+ 47. Kd2 Rf1 48. Nd6+ Kd5 49. Nf5 Rxf2+ 50. Kd3 Rxb2 51. c4+ Kc5 52. Ne3 Re2 0-1

[Event "6 Koge Open 2025 Mester1"]
[Site "Koge"]
[Date "2025.07.18"]
[Round "8.6"]
[White "Weersing, Abigail Riis"]
[Black "Saravana, Vedant Kumar"]
[Result "1-0"]
[WhiteElo "2067"]
[BlackElo "2130"]
[PlyCount "73"]
[EventDate "2025.07.15"]
[EventType "tourn"]
[EventRounds "9"]
[EventCountry "DEN"]
[SourceTitle "Live v. Koge Skakklub"]

1. d4 d5 2. c4 c6 3. Nc3 Nf6 4. Nf3 e6 5. Bg5 Nbd7 6. e3 Qa5 7. cxd5 Nxd5 8. Qd2 Bb4 9. Rc1 Nxc3 10. bxc3 Ba3 11. Rb1 b6 12. Bd3 Ba6 13. O-O Bxd3 14. Qxd3 O-O 15. c4 Bd6 16. e4 e5 17. Bd2 Qa3 18. Bc3 exd4 19. Qxd4 Nf6 20. Bb2 Qxa2 21. Qxd6 Qxc4 22. Bxf6 gxf6 23. Nd4 Rad8 24. Qg3+ Kh8 25. Nf5 Rg8 26. Qh4 Rg5 27. Rbc1 Qb4 28. Qf4 Rdg8 29. Ng3 R8g6 30. Rxc6 Kg7 31. Nf5+ Kh8 32. Rc8+ Rg8 33. Rxg8+ Rxg8 34. Rc1 a5 35. Nh6 Rg6 36. Rc8+ Kg7 37. Nf5# 1-0

[Event "6 Koge Open 2025 Mester1"]
[Site "Koge"]
[Date "2025.07.19"]
[Round "9.8"]
[White "Rosenlund, Thorbjorn"]
[Black "Saugmann, Frederik Chabert"]
[Result "1/2-1/2"]
[WhiteElo "2116"]
[BlackElo "2057"]
[PlyCount "53"]
[EventDate "2025.07.15"]
[EventType "tourn"]
[EventRounds "9"]
[EventCountry "DEN"]
[SourceTitle "Live v. Koge Skakklub"]

1. Nf3 d5 2. c4 d4 3. e3 c5 4. b4 g6 5. exd4 cxd4 6. Bb2 Bg7 7. g3 Nh6 8. d3 O-O 9. Bg2 e5 10. Nbd2 Re8 11. O-O a5 12. a3 Bf5 13. Nb3 axb4 14. axb4 Rxa1 15. Nxa1 b5 16. cxb5 Qb6 17. Nh4 Bd7 18. Bc1 Qxb5 19. Nc2 Nc6 20. f4 Nxb4 21. Nxb4 Qxb4 22. fxe5 Nf5 23. Nxf5 Bxf5 24. g4 Be6 25. Bf4 Qb5 26. Re1 Bd5 27. Qe2 1/2-1/2

[Event "6 Koge Open 2025 Mester1"]
[Site "Koge"]
[Date "2025.07.19"]
[Round "9.6"]
[White "Blok, Michiel"]
[Black "Weersing, Abigail Riis"]
[Result "1-0"]
[WhiteElo "2137"]
[BlackElo "2067"]
[PlyCount "83"]
[EventDate "2025.07.15"]
[EventType "tourn"]
[EventRounds "9"]
[EventCountry "DEN"]
[SourceTitle "Live v. Koge Skakklub"]

1. c4 e6 2. Nc3 Nf6 3. e4 d5 4. e5 d4 5. exf6 dxc3 6. bxc3 Qxf6 7. d4 b6 8. Nf3 Bb7 9. Be2 h6 10. Ne5 Bxg2 11. Qa4+ c6 12. Rg1 Be4 13. f3 Qh4+ 14. Kd1 Qxh2 15. Re1 f6 16. Ng4 Qg3 17. fxe4 Qxc3 18. Rb1 Qxd4+ 19. Bd2 Bc5 20. Qb3 Na6 21. Kc1 h5 22. Bc3 Qd7 23. Nxf6+ gxf6 24. Bxf6 Rh6 25. Bg5 Qd6 26. Bxh6 Ba3+ 27. Rb2 Bxb2+ 28. Qxb2 O-O-O 29. Rd1 Qe7 30. Rxd8+ Qxd8 31. Qe5 Qe7 32. Bf4 h4 33. Kd1 Kb7 34. Bg4 Nc5 35. Qb8+ Ka6 36. Qc8+ Qb7 37. Bxe6 Nxe4 38. Qf8 Nc3+ 39. Ke1 Qh7 40. Bc8+ Ka5 41. Qa3+ Na4 42. Bd2# 1-0

[Event "6 Koge Open 2025 Mester1"]
[Site "Koge"]
[Date "2025.07.19"]
[Round "9.9"]
[White "Patil, Aditya Kunal"]
[Black "Nordenbaek, Jan"]
[Result "1/2-1/2"]
[WhiteElo "2047"]
[BlackElo "2156"]
[PlyCount "25"]
[EventDate "2025.07.15"]
[EventType "tourn"]
[EventRounds "9"]
[EventCountry "DEN"]
[SourceTitle "Live v. Koge Skakklub"]

1. e4 e5 2. Nf3 Nf6 3. Nxe5 d6 4. Nf3 Nxe4 5. Nc3 Nxc3 6. dxc3 Be7 7. Bd3 Nc6 8. Bf4 Bf6 9. O-O O-O 10. h3 Ne5 11. Bxe5 dxe5 12. Qe2 Re8 13. Rad1 1/2-1/2

[Event "6 Koge Open 2025 Mester1"]
[Site "Koge"]
[Date "2025.07.19"]
[Round "9.10"]
[White "Saravana, Vedant Kumar"]
[Black "Durrfeld, Sofie Bech"]
[Result "1/2-1/2"]
[WhiteElo "2130"]
[BlackElo "2059"]
[PlyCount "50"]
[EventDate "2025.07.15"]
[EventType "tourn"]
[EventRounds "9"]
[EventCountry "DEN"]
[SourceTitle "Live v. Koge Skakklub"]

1. e4 c5 2. Nf3 Nc6 3. Bb5 g6 4. Bxc6 bxc6 5. d4 cxd4 6. Qxd4 Nf6 7. e5 Nd5 8. c4 Nb4 9. Qc3 c5 10. Be3 Qa5 11. Nbd2 Bg7 12. a3 d5 13. Bxc5 Nc2+ 14. Qxc2 Qxc5 15. Rc1 dxc4 16. Qxc4 Qxc4 17. Nxc4 O-O 18. O-O f6 19. Rfe1 Bg4 20. Rc3 Rac8 21. Nd4 Rfd8 22. Nf3 Be6 23. Na5 Rxc3 24. bxc3 fxe5 25. Nc6 Rd3 1/2-1/2

[Event "6 Koge Open 2025 Mester1"]
[Site "Koge"]
[Date "2025.07.19"]
[Round "9.7"]
[White "Laustsen, Lars"]
[Black "Lilja, Richard"]
[Result "0-1"]
[WhiteElo "2135"]
[BlackElo "2093"]
[PlyCount "58"]
[EventDate "2025.07.15"]
[EventType "tourn"]
[EventRounds "9"]
[EventCountry "DEN"]
[SourceTitle "Live v. Koge Skakklub"]

1. d4 Nf6 2. c4 g6 3. g3 Bg7 4. Bg2 O-O 5. Nc3 d6 6. Nf3 Nc6 7. O-O a6 8. b3 Na5 9. Bb2 Rb8 10. Qd2 b5 11. Nd5 Nxd5 12. cxd5 c5 13. dxc6 Nxc6 14. d5 Ne5 15. Nd4 Bb7 16. Rac1 Qb6 17. Rc2 Rbc8 18. Rfc1 Rxc2 19. Rxc2 Rc8 20. Rxc8+ Bxc8 21. Nc6 Nxc6 22. Bxg7 Ne5 23. Bh6 Ng4 24. Be3 Nxe3 25. Qxe3 Qxe3 26. fxe3 Kg7 27. e4 Kf6 28. Kf2 Ke5 29. Ke3 b4 0-1

[Event "6 Koge Open 2025 Mester1"]
[Site "Koge"]
[Date "2025.07.15"]
[Round "1.10"]
[White "Blok, Michiel"]
[Black "Laustsen, Lars"]
[Result "1/2-1/2"]
[WhiteElo "2137"]
[BlackElo "2135"]
[PlyCount "59"]
[EventDate "2025.07.15"]
[EventType "tourn"]
[EventRounds "9"]
[EventCountry "DEN"]
[SourceTitle "Live v. Koge Skakklub"]

1. c4 c5 2. Nc3 Nf6 3. e4 Nc6 4. g3 g6 5. Bg2 Bg7 6. Nge2 d6 7. O-O O-O 8. d3 Nd4 9. h3 Nd7 10. g4 e5 11. Nxd4 cxd4 12. Nd5 a5 13. f4 exf4 14. Bxf4 Nb6 15. Nxb6 Qxb6 16. Qb3 Qc5 17. Qa3 Rd8 18. Rfb1 Be6 19. b4 axb4 20. Qxb4 Qxb4 21. Rxb4 Ra3 22. Bf1 Bc8 23. Bc1 Ra7 24. Rb6 Be5 25. a4 Bd7 26. a5 Rda8 27. Bd2 Bc6 28. Bg2 f6 29. Rf1 g5 30. Ra1 1/2-1/2

[Event "6 Koge Open 2025 Mester1"]
[Site "Koge"]
[Date "2025.07.16"]
[Round "3.9"]
[White "Blok, Michiel"]
[Black "Patil, Aditya Kunal"]
[Result "0-1"]
[WhiteElo "2137"]
[BlackElo "2047"]
[PlyCount "72"]
[EventDate "2025.07.15"]
[EventType "tourn"]
[EventRounds "9"]
[EventCountry "DEN"]
[SourceTitle "Live v. Koge Skakklub"]

1. c4 e6 2. Nc3 d5 3. e4 dxe4 4. Nxe4 c5 5. Nf3 Nc6 6. b3 Be7 7. Bb2 Nf6 8. Qb1 b6 9. Be2 Bb7 10. d3 Qc7 11. Ng3 O-O-O 12. Bc3 Nd4 13. Qb2 Bxf3 14. gxf3 Qf4 15. Bxd4 Rxd4 16. Qd2 Qe5 17. Rd1 Rhd8 18. Kf1 Qc7 19. a3 Bd6 20. Kg2 h5 21. Ne4 h4 22. h3 Nh5 23. Qc2 Nf4+ 24. Kf1 Qe7 25. Nxd6+ Qxd6 26. b4 Nxd3 27. bxc5 Nxc5 28. Rxd4 Qxd4 29. Qb1 Kc7 30. Kg2 Qd2 31. Bf1 Qg5+ 32. Kh2 Qf4+ 33. Kg1 Qxf3 34. Rh2 Rd1 35. Qb2 Qd3 36. Qe5+ Kb7 0-1